Larousse Médical et son CD-ROM (Record no. 9730)

MARC details
000 -LEADER
fixed length control field 00284ngm a2200109 4500
008 - FIXED-LENGTH DATA ELEMENTS--GENERAL INFORMATION
fixed length control field b xx# fre u
040 ## - CATALOGING SOURCE
Original cataloging agency LB-BrCRDP
082 1# - DEWEY DECIMAL CLASSIFICATION NUMBER
Classification number 610
Item number LAR
245 10 - TITLE STATEMENT
Title Larousse Médical et son CD-ROM
942 ## - ADDED ENTRY ELEMENTS (KOHA)
Koha item type Visual Materials
Holdings
Withdrawn status Lost status Source of classification or shelving scheme Damaged status Not for loan Home library Current library Shelving location Date acquired Source of acquisition Cost, normal purchase price Total Checkouts Full call number Barcode Date last seen Copy number Price effective from Koha item type
    Dewey Decimal Classification     مكتبة دار المعلمين و المعلمات - طرابلس مكتبة دار المعلمين و المعلمات - طرابلس Salle de Lecture 10/19/2006 Ambassade de France 0.00   610 LAR CRT1428 07/27/2016 1 07/27/2016 Visual Materials